000 03619njm a2200541Ia 4500
001 23921
003 IT-RoPAU
005 20220918181154.0
008 131025s9999 xx 000 0 und d
040 _aIT-RoPAU
040 _cIT-RoPAU
041 _aITALIANO
999 _c102418
_d102418
999 _bn.d.
100 _aAA.VV.
_9794
100 _eAutore musica
_97513
100 _gCodice autore musica SPICS: 12000
_9796
245 _aCanzoniere dei bambini (Il) vol.2-Lp Sm 3411
250 _a1a ed.
260 _aITALIA
260 _bSIGNAL RECORD
_c1972 [1a Ed.:1972]
300 _aDISCO
500 _aCanzoni per bambini. Musica per bambini.
505 _aLa marcia di Topolino - Ehi Oh - Ricordate Marcellino - La scuola di Pierino - Trombolino e Pennacchietta - Dudulalà - I Tre porcellini. Who's Afraid of the Big Bad Wolf? - Cin cin... Ping pong - E verrà quel dì di lune - Il piccolo naviglio - Il mio bel castello - Ma che musica maestro
511 _aCoro de I Sanremini diretti da Ornella Bazzini
650 _aCANTI BAMBINI [DISCHI]
_eCodice MATERIA SPICS: 9950
_92086
700 _aI Sanremini
_dCodice interprete SPICS: 14058
_eInterprete
_97514
700 _aTestoni Giancarlo
_dCodice autore musica SPICS: 13524
_eAutore musica
_pLa marcia di Topolino
_97515
700 _aDevilli (Curci Alberto)
_dCodice autore SPICS: 13392
_eAutore
_pLa marcia di Topolino - Ehi Oh
_97516
700 _aDodd Dorsey
_dCodice autore testo/musica SPICS: 8019
_eAutore testo/musica
_pLa marcia di Topolino
_97517
700 _aMorey
_dCodice autore musica SPICS: 25269
_eAutore musica
_pEhi Oh
_97518
700 _aPanzeri Mario
_dCodice autore testo/musica SPICS: 13372
_eAutore testo/musica
_pEhi Oh
_97519
700 _aSavona Virgilio A.
_dCodice autore musica SPICS: 1568
_eAutore musica
_pRicordate Marcellino
_97520
700 _aGiacobetti Giovanni (Tata)
_dCodice autore testo/musica SPICS: 13483
_eAutore testo/musica
_pRicordate Marcellino - Trombolino e Pennacchietta
_97521
700 _aBalloni
_dCodice autore musica SPICS: 14141
_eAutore musica
_pLa scuola di Pierino - Cin cin... Ping pong - E verrà quel dì di lune - Il piccolo naviglio - Il mio bel castello
_97522
700 _aKramer Gorni
_dCodice autore testo/musica SPICS: 11552
_eAutore testo/musica
_pTrombolino e Pennacchietta
_97523
700 _aLevi
_dCodice autore musica SPICS: 22692
_eAutore musica
_pDudulalà
_97524
700 _aCarballo
_dCodice autore SPICS: 26133
_eAutore
_pDudulalà
_97525
700 _aClimax
_dCodice autore testo/musica SPICS: 26134
_eAutore testo/musica
_pDudulalà
_97526
700 _aChurchill
_dCodice autore musica SPICS: 13393
_eAutore musica
_pI Tre porcellini. Who's Afraid of the Big Bad Wolf?
_97527
700 _aMisselvia
_dCodice autore SPICS: 14169
_eAutore
_pI Tre porcellini. Who's Afraid of the Big Bad Wolf?
_97528
700 _aWayne M.
_dCodice autore testo/musica SPICS: 25135
_eAutore testo/musica
_pI Tre porcellini. Who's Afraid of the Big Bad Wolf?
_97529
700 _aMoretto G.
_dCodice autore SPICS: 14142
_eAutore
_pCin cin... Ping pong - E verrà quel dì di lune - Il piccolo naviglio - Il mio bel castello
_97530
700 _aAnonimo
_dCodice autore musica SPICS: 2620
_eAutore musica
_pE verrà quel dì di lune - Il piccolo naviglio - Il mio bel castello
_97531
700 _aPaolini Adriana
_dCodice autore musica SPICS: 25277
_eAutore musica
_pMa che musica maestro
_97532
700 _aPisano Luigi
_dCodice autore SPICS: 13579
_eAutore
_pMa che musica maestro
_97533
700 _aSilvestri Franco
_dCodice autore testo/musica SPICS: 13543
_eAutore testo/musica
_pMa che musica maestro
_97534
942 _cMD
_2ddc